000 00870cam a2200289 4500
008 090401t1994 xxu||||| |||| 00| 0 eng d
020 _a0415091527
035 _a(Sirsi) u17393
041 _aeng
050 _a333.336
245 _aIndustrial property: policy and economic development
260 _aLondon
_bRoutledge
_c1994
300 _axiv, 203p. ; 23cm.
350 _a45
520 _aCollection of research on the relationships between industrial property and economic development.
650 _aCONTAMINATED LAND
650 _aDERELICT LAND
650 _aDEVELOPMENT
650 _aECONOMIC DEVELOPMENT
650 _aINDUSTRIAL PROPERTY
650 _aLand use
_96251
650 _aPROPERTY INVESTMENT
690 _aDEVELOPMENT-COMMERCIAL AND INDUSTRIAL
700 _aRick Ball & Andy C. Pratt,
_xEditor
942 _n0
948 _c04/03/1997
999 _c87503
_d87503